[Event "Ayvalik Iris"]
[Site "Ayvalik"]
[Date "2023.05.07"]
[Round "1"]
[White "Atis, Hasan"]
[Black "Tadic, Branko"]
[Result "0-1"]
[WhiteElo "1890"]
[BlackElo "2436"]
[PlyCount "92"]
[EventDate "2023.05.07"]
[EventType "schev"]
[EventRounds "9"]
[EventCountry "TUR"]
[SourceTitle "CBM 214 Extra"]
[Source "ChessBase"]
[SourceDate "2023.07.31"]
[SourceVersion "1"]
[SourceVersionDate "2023.07.31"]
[SourceQuality "1"]
[WhiteTeam "Team B"]
[BlackTeam "Team A"]
[WhiteTeamCountry "TUR"]
[BlackTeamCountry "TUR"]

1. e4 d6 2. d4 Nf6 3. Nc3 Nbd7 4. Nf3 e5 5. Bc4 Be7 6. 0-0 0-0 7. a4 c6 8. Re1 a5 9. h3 h6 10. Be3 Re8 11. Qd2 Bf8 12. dxe5 dxe5 13. Rad1 Qe7 14. Qe2 Qb4 15. Nh4 Nc5 16. Ng6 Be6 17. Bxe6 Nxe6 18. Nxf8 Kxf8 19. Rd3 Nxe4 20. Nxe4 Qxe4 21. Rd7 Re7 22. Rxe7 Kxe7 23. Qh5 Qxa4 24. Qxe5 Kf8 25. Bxh6 Qxc2 26. Be3 Kg8 27. f4 a4 28. f5 Nf8 29. Bd4 f6 30. Qe7 Qxf5 31. Qxb7 Rd8 32. Bc3 Qc5+ 33. Kh1 Ng6 34. Qc7 Rd3 35. Kh2 Qf2 36. Qc8+ Kh7 37. Qe6 Nf4 38. Qe4+ Kh6 39. Kh1 a3 40. Rb1 a2 41. Ra1 Re3 42. Bd4 Rxe4 43. Bxf2 Nd3 44. Bg3 Ra4 45. b3 Ra6 46. Bd6 c5 0-1

[Event "SRB-chT Premier"]
[Site "Vrnjacka Banja"]
[Date "2022.09.22"]
[Round "3.4"]
[White "Gagunashvili, Merab"]
[Black "Tadic, Branko"]
[Result "1/2-1/2"]
[WhiteElo "2552"]
[BlackElo "2455"]
[PlyCount "60"]
[EventDate "2022.09.20"]
[EventType "team-tourn"]
[EventRounds "11"]
[EventCountry "SRB"]
[SourceTitle "CBM 210 Extra"]
[Source "ChessBase"]
[SourceDate "2022.11.30"]
[SourceVersion "1"]
[SourceVersionDate "2022.11.30"]
[SourceQuality "1"]
[WhiteTeam "Belgrade Zmaj"]
[BlackTeam "Opovo Bata Cosic"]
[WhiteTeamCountry "SRB"]
[BlackTeamCountry "SRB"]

1. d4 Nf6 2. c4 g6 3. Nc3 Bg7 4. e4 d6 5. Nf3 0-0 6. Be2 e5 7. 0-0 Nc6 8. d5 Ne7 9. b4 Ne8 10. a4 f5 11. a5 Nf6 12. Ra3 Kh8 13. Bg5 Neg8 14. c5 Qd7 15. Nd2 Bh6 16. Bxh6 Nxh6 17. a6 bxa6 18. Bxa6 Bxa6 19. Rxa6 Nxe4 20. Ndxe4 fxe4 21. Nxe4 Qb5 22. Qa1 Rf4 23. f3 Qxb4 24. cxd6 cxd6 25. g3 Rxe4 26. fxe4 Qxe4 27. Rxd6 Qe3+ 28. Kg2 Qe4+ 29. Kg1 Qe3+ 30. Kg2 Qe4+ 1/2-1/2

[Event "SRB-chT Premier"]
[Site "Vrnjacka Banja"]
[Date "2022.09.20"]
[Round "1.3"]
[White "Pezelj, Novak"]
[Black "Tadic, Branko"]
[Result "1/2-1/2"]
[WhiteElo "2496"]
[BlackElo "2455"]
[PlyCount "35"]
[EventDate "2022.09.20"]
[EventType "team-tourn"]
[EventRounds "11"]
[EventCountry "SRB"]
[SourceTitle "CBM 210 Extra"]
[Source "ChessBase"]
[SourceDate "2022.11.30"]
[SourceVersion "1"]
[SourceVersionDate "2022.11.30"]
[SourceQuality "1"]
[WhiteTeam "Elemir Naftagas"]
[BlackTeam "Opovo Bata Cosic"]
[WhiteTeamCountry "SRB"]
[BlackTeamCountry "SRB"]

1. e4 c5 2. Nf3 d6 3. d4 cxd4 4. Nxd4 Nf6 5. Nc3 a6 6. Bg5 e6 7. Qd3 h6 8. Bh4 Nc6 9. 0-0-0 Ne5 10. Qe2 g5 11. Bg3 Qc7 12. h4 Rg8 13. hxg5 hxg5 14. Nf3 Bd7 15. Nxe5 dxe5 16. Qc4 Qxc4 17. Bxc4 Bc6 18. Bxe5 1/2-1/2

[Event "Miercurea Ciuc GP RO Stage 3"]
[Site "Miercurea Ciuc"]
[Date "2022.08.23"]
[Round "4"]
[White "Ciorgovean, Iustin"]
[Black "Tadic, Branko"]
[Result "0-1"]
[WhiteElo "2276"]
[BlackElo "2468"]
[PlyCount "76"]
[EventDate "2022.08.20"]
[EventType "swiss"]
[EventRounds "9"]
[EventCountry "ROU"]
[SourceTitle "CBM 209 Extra"]
[Source "ChessBase"]
[SourceDate "2022.09.30"]
[SourceVersion "1"]
[SourceVersionDate "2022.09.30"]
[SourceQuality "1"]

1. d4 e6 2. c4 b6 3. e4 Bb7 4. Bd3 Nc6 5. Ne2 g6 6. Nbc3 Bg7 7. Be3 Nge7 8. h4 d5 9. cxd5 exd5 10. e5 Qd7 11. h5 0-0-0 12. Bg5 h6 13. Bxe7 Nxe7 14. Qd2 g5 15. g3 Kb8 16. f4 c5 17. 0-0-0 f6 18. Qe3 Nf5 19. Bxf5 Qxf5 20. Rhf1 Rhe8 21. fxg5 Qxg5 22. Qxg5 fxg5 23. Rf7 Bf8 24. g4 Bc8 25. dxc5 bxc5 26. Nxd5 Be6 27. Rxf8 Rxf8 28. Nf6 Rxd1+ 29. Kxd1 Kc8 30. a3 Kd8 31. Ng3 Ke7 32. Nge4 c4 33. Kc2 Rd8 34. Nc5 Rd4 35. Kc3 Rf4 36. Nce4 Rf3+ 37. Kc2 Rf1 38. Nd6 Rxf6 0-1

[Event "Belgrade Summer GM 4th"]
[Site "Belgrade"]
[Date "2022.07.26"]
[Round "3"]
[White "Tadic, Branko"]
[Black "Anand, Batsukh"]
[Result "1-0"]
[WhiteElo "2461"]
[BlackElo "2312"]
[PlyCount "133"]
[EventDate "2022.07.24"]
[EventType "schev"]
[EventRounds "9"]
[EventCountry "SRB"]
[SourceTitle "CBM 209 Extra"]
[Source "ChessBase"]
[SourceDate "2022.09.30"]
[SourceVersion "1"]
[SourceVersionDate "2022.09.30"]
[SourceQuality "1"]
[WhiteTeam "Team D"]
[BlackTeam "Team B"]
[WhiteTeamCountry "SRB"]
[BlackTeamCountry "SRB"]

1. Nf3 Nf6 2. c4 g6 3. b3 Bg7 4. Bb2 0-0 5. g3 c5 6. Bg2 Nc6 7. 0-0 d6 8. Nc3 Bg4 9. h3 Bf5 10. d3 a6 11. Ne1 Rb8 12. Nc2 Nd4 13. Ne3 Bd7 14. Rb1 b5 15. Ned5 Nxd5 16. Nxd5 bxc4 17. dxc4 Bf5 18. Rc1 Nf3+ 19. exf3 Bxb2 20. Qe2 Bxc1 21. Nxe7+ Kg7 22. Rxc1 Qd7 23. Rd1 Be6 24. Nd5 Bxd5 25. Rxd5 Rbd8 26. Qb2+ f6 27. Qa3 Qc6 28. f4 Qb6 29. h4 Rfe8 30. Bf3 a5 31. h5 Qb4 32. Qb2 Qe1+ 33. Kg2 Qe7 34. Qd2 a4 35. bxa4 Qe1 36. Qd3 Rb8 37. Rxd6 Rb2 38. Rd7+ Re7 39. Rxe7+ Qxe7 40. Be4 Qe8 41. a3 Kh6 42. hxg6 hxg6 43. g4 Qe6 44. f5 gxf5 45. Bxf5 Qe2 46. Qh3+ Kg5 47. Qh5+ Kf4 48. Qh6+ Ke5 49. Qh2+ Kd4 50. Qd6+ Kxc4 51. Be6+ Kc3 52. Qxc5+ Kd2 53. Bf5 Qe5 54. Qxe5 fxe5 55. f3 Ke3+ 56. Kg3 Rf2 57. Be4 Rf1 58. a5 Rg1+ 59. Kh4 Kf4 60. Kh5 Ra1 61. g5 Rh1+ 62. Kg6 Rd1 63. Kh6 Rh1+ 64. Kg7 Kxg5 65. f4+ Kxf4 66. Bxh1 e4 67. Bxe4 1-0

[Event "Belgrade Summer GM 4th"]
[Site "Belgrade"]
[Date "2022.07.24"]
[Round "1"]
[White "Tadic, Branko"]
[Black "Aarav, Dengla"]
[Result "1/2-1/2"]
[WhiteElo "2461"]
[BlackElo "2309"]
[PlyCount "25"]
[EventDate "2022.07.24"]
[EventType "schev"]
[EventRounds "9"]
[EventCountry "SRB"]
[SourceTitle "CBM 209 Extra"]
[Source "ChessBase"]
[SourceDate "2022.09.30"]
[SourceVersion "1"]
[SourceVersionDate "2022.09.30"]
[SourceQuality "1"]
[WhiteTeam "Team D"]
[BlackTeam "Team A"]
[WhiteTeamCountry "SRB"]
[BlackTeamCountry "SRB"]

1. d4 d5 2. c4 c6 3. cxd5 cxd5 4. Nc3 Nf6 5. Nf3 Nc6 6. Bf4 a6 7. e3 Bg4 8. Qb3 Bxf3 9. gxf3 Na5 10. Qa4+ Nc6 11. Qb3 Na5 12. Qa4+ Nc6 13. Qb3 1/2-1/2

[Event "AUT-chT2M 2122"]
[Site "Austria"]
[Date "2022.03.27"]
[Round "9.5"]
[White "Bacrot, Etienne"]
[Black "Tadic, Branko"]
[Result "1/2-1/2"]
[WhiteElo "2658"]
[BlackElo "2484"]
[PlyCount "51"]
[EventDate "2021.10.01"]
[EventType "team-tourn"]
[EventRounds "11"]
[EventCountry "AUT"]
[SourceTitle "EXT 2023"]
[Source "ChessBase"]
[SourceDate "2022.10.05"]
[SourceVersion "1"]
[SourceVersionDate "2022.10.05"]
[SourceQuality "1"]
[WhiteTeam "Linz ASV"]
[BlackTeam "Pinggau Friedberg"]
[WhiteTeamCountry "AUT"]
[BlackTeamCountry "AUT"]

1. e4 d6 2. d4 Nf6 3. Nc3 e5 4. dxe5 dxe5 5. Qxd8+ Kxd8 6. Bc4 Be6 7. Bxe6 fxe6 8. f3 Nbd7 9. Nh3 Bd6 10. b3 a6 11. Bb2 Ke7 12. Nd1 b5 13. Nhf2 c5 14. c4 bxc4 15. bxc4 Nb8 16. Nd3 Nc6 17. Kd2 Rab8 18. Ne3 Nd7 19. Bc3 Rb7 20. Rab1 Rhb8 21. Rxb7 Rxb7 22. Ke2 Rb8 23. Kd2 Rb7 24. Ke2 Rb8 25. Kd2 Rb7 26. Ke2 1/2-1/2

[Event "HUN-chT 2122"]
[Site "Hungary"]
[Date "2022.02.13"]
[Round "6.1"]
[White "Mihok, Oliver"]
[Black "Tadic, Branko"]
[Result "1/2-1/2"]
[WhiteElo "2537"]
[BlackElo "2469"]
[PlyCount "61"]
[EventDate "2021.10.10"]
[EventType "team-tourn"]
[EventRounds "9"]
[EventCountry "HUN"]
[SourceTitle "EXT 2023"]
[Source "ChessBase"]
[SourceDate "2022.10.05"]
[SourceVersion "1"]
[SourceVersionDate "2022.10.05"]
[SourceQuality "1"]
[WhiteTeam "Mako Duocor"]
[BlackTeam "Maroczy"]
[WhiteTeamCountry "HUN"]
[BlackTeamCountry "HUN"]

1. e4 c5 2. Nf3 Nc6 3. d4 cxd4 4. Nxd4 e5 5. Nb5 d6 6. c4 g6 7. N1c3 a6 8. Na3 Be6 9. Be3 Bh6 10. Bxh6 Nxh6 11. Qd2 Ng4 12. Nc2 Rc8 13. Be2 0-0 14. 0-0 Qh4 15. Bxg4 Qxg4 16. b3 Rcd8 17. Qh6 f6 18. f4 exf4 19. Rxf4 Qg5 20. Qxg5 fxg5 21. Rff1 h5 22. Rad1 Rxf1+ 23. Rxf1 Kg7 24. Nd5 Re8 25. Rd1 Bg4 26. Re1 h4 27. Kf2 Rf8+ 28. Ke3 h3 29. Rg1 hxg2 30. Rxg2 Rf3+ 31. Kd2 1/2-1/2

[Event "Arandjelovac ASK-2 GM"]
[Site "Arandjelovac"]
[Date "2021.10.26"]
[Round "5"]
[White "Bhambure, Shantanu"]
[Black "Tadic, Branko"]
[Result "1/2-1/2"]
[WhiteElo "2405"]
[BlackElo "2484"]
[PlyCount "46"]
[EventDate "2021.10.23"]
[EventType "tourn"]
[EventRounds "9"]
[EventCountry "SRB"]
[EventCategory "6"]
[SourceTitle "CBM 205 Extra"]
[Source "ChessBase"]
[SourceDate "2022.01.31"]
[SourceVersion "1"]
[SourceVersionDate "2022.01.31"]
[SourceQuality "1"]

1. d4 Nf6 2. c4 d6 3. Nc3 Bf5 4. Nf3 g6 5. e3 Bg7 6. Bd3 Bxd3 7. Qxd3 0-0 8. e4 Nbd7 9. 0-0 e5 10. d5 Nc5 11. Qe2 a5 12. Ne1 Nfd7 13. Be3 Qh4 14. Nf3 Qe7 15. Nd2 f5 16. f3 Bf6 17. b3 Bg5 18. a3 Bxe3+ 19. Qxe3 fxe4 20. Ncxe4 a4 21. b4 Nxe4 22. Nxe4 Nf6 23. Rac1 Nxe4 1/2-1/2